000 01350njm a22003137a 4500
005 20100913100512.0
007 sd ammalaaahaa
008 100913t xxu||||| |||| 00| 0 hin d
028 _aTAE 1247
_bODEON
035 _aGR-02285
040 _aSED/VEN
100 _91184
_aMohd. Rafi
245 _aArzoo :
_cby Mohd. Rafi ; music by Shankar Jaikishan ; lyric by Hasrat Jaipuri
_h[sound recording] :
_bHindustani /
246 _aआरजू (मोहमद रफ़ी )
260 _aDum Dum India
_bODEON
_c1968
300 _a1 sound disc [Gramophone record] :
_banalog, 45 1/3 rpm
_c7 in.
_fGramophone Record
500 _aBrief Record
500 _aODEON
500 _aPurpal
500 _aExtended Play
505 _aaAe phoolon ki rani part 1 (Arzoo) (Mohd. Rafi) ऐ फूलों की रानी पार्ट १ (आरजू ) (मोहमद रफ़ी ) chhalke teri ankhon se part 2 (Arzoo) (Mohd. Rafi) छलके तेरी आँखों से पार्ट २ (आरजू ) (मोहमद रफ़ी )
650 _aClassical Music
_xExcerpts
_zIndia
_919603
_vFilmi song
700 _919604
_aShankar Jaikishan
700 _919605
_aHasrat Jaipuri
700 _919610
700 _919773
942 _2ddc
_cGR
999 _c45520
_d45520